Tout sur le Seigneur des anneaux - Statistiques

Statistiques générales
  • Ce quiz a été pris 92 fois
  • Le résultat moyen est 11 sur 20
Statistiques - réponses
Questions Réponses % Correct
Combien y a-t-il d'anneaux donnés aux Nains ? 7
96%
Combien d'Oscars a remporté l'ensemble de la trilogie ? 17
75%
Dans les livres, combien de temps s'écoule entre le départ de Gandalf et celui de Frodon de la Comté ? 17 ans
75%
De quel métal est fait la cotte de maille de Frodon, léguée par Bilbon ? Mithril
69%
Quel est le nom elfique de Gandalf ? Mithrandir
68%
Quel est le nom de l'auberge dans laquelle les Hobbits rencontrent Aragorn ? Le Poney Fringant
66%
Quel personnage important du livre n'apparait pas dans les films ? Tom Bombadil
62%
Dans Les Deux Tours, combien d'orcs Legolas a-t-il tué lors de la bataille du Gouffre de Helm ? 42
61%
En plus de Galadriel et Gandalf, qui est le troisième Elfe détenant un anneau de pouvoir ? Elrond
61%
Comment s'appelait le Hobbit qui a trouvé l'anneau unique lors d'une partie de pêche ? Déagol
60%
En quelle année est sorti le tome 1 du Seigneur des anneaux (La Communauté de l'anneau) ? 1954
57%
Qui est le chef des Nazgûls, tué par Éowyn lors de la bataille des Champs du Pelennor ? Le roi-sorcier d'Angmar
55%
Comment s'appelle la tour de Saroumane en Isengard ? Orthanc
53%
Quel ville du Gondor, traversée par l'Anduin, est en première ligne face aux armées du Mordor ? Osgiliath
49%
Dans quelle bataille de la Première Guerre mondiale Tolkien est-il engagé, qui lui inspirera les marais des morts ? La bataille de la Somme
43%
Quel cadeau Galadriel a-t-elle fait à Gimli ? 3 de ses cheveux
40%
Comment est renommée l'épée que porte Aragorn après qu'elle fut reforgée ? Anduril
39%
Où va Frodon à la fin du Seigneur des anneaux ? Valinor
34%
Comment appelle-t-on Fondcombe en elfique (sindarin) ? Imladris
26%
Comment se nomme le père de Denethor ? Ecthelion
22%
Aucun quiz correspondant
Distribution des résultats
% des personnes avec chaque résultat
Percentile par nombre de réponses
Votre historique - résultats
Vous n’avez pas pris ce quiz